000 00739nam a2200265Ia 4500
003 OSt
005 20220912150958.0
006 a|||||r|||| 00| 0
007 ta
008 220909b |||||||| |||| 00| 0 eng d
024 _a23881
037 _cTextual
040 _aCSL
_beng
_cCSL
041 _aeng
082 _aB44:(D), L2
100 _aJohnson David E
245 0 _aGraph theory :with engineering applications
260 _aNew York
_b The Ronald Press
_c1972
300 _ax,392p.
_ccm.
500 _aAppendix 363-382p; Bibliography 383-384p
650 _aGraph theory
700 _a Johnson Johny R
942 _hB44:(D), L2
_cTEXL
_2CC
999 _c58798
_d58798